Statistics for Answers Contain the Number Three

Click here to take the quiz!

General Stats

  • This quiz has been taken 48,598 times
    (22,239 since last reset)
  • The average score is 14 of 20

Answer Stats

ClueAnswer% Correct
Owners of hot, cold, and
just right porridge
Three Bears
89%
Two's company, ...Three's a Crowd
87%
You're out!Three Strikes
86%
Big Bad Wolf's preyThree Little Pigs
85%
Athos, Porthos, and AramisThree Musketeers
82%
What a typical play hasThree Acts
81%
Hip, hip, hooray!Three Cheers
81%
Ebenezer's Christmas Eve visitorsThree Ghosts
79%
Larry, Curly, and MoeThree Stooges
74%
What Cerberus hasThree Heads
71%
See how they runThree Blind Mice
69%
They see no evil, hear no evil,
and speak no evil
Three Wise
Monkeys
68%
The MagiThree Wise Men
68%
Beats two pairThree of a Kind
67%
Pavarotti and companyThree Tenors
65%
What got thrown in Trevi Fountain,
each one seeking happiness
Three Coins
60%
1979 nuclear accidentThree Mile Island
48%
Idiom meaning drunkThree Sheets to
the Wind
47%
Everyone's favorite fatty acidOmega 3
44%
Huge Chinese damThree Gorges
35%

Score Distribution

Percentile by Number Answered

Percent of People with Each Score

Your Score History

You have not taken this quiz since the last reset